| 000 | 00781nam a2200229 a 4500 | ||
|---|---|---|---|
| 005 | 20240626063708.0 | ||
| 008 | 010917s1997 r 000 0 eng d | ||
| 020 | _a9582003197 | ||
| 035 | _aUPN01000111583 | ||
| 049 | _aCG | ||
| 050 | 4 |
_aLB1140.5 A7 _bM8.7 |
|
| 100 | 1 | _aMuñoz F. Nohora Mary. | |
| 245 | 1 | 3 |
_aLa expresión artística en el preescolar / _cNohora Mary Muñoz F., Edgar Marino Barbano, María del Buen Consejo Vizcaíno. |
| 260 |
_aSanta Fé de Bogotá : _bMagisterio, _c1997. |
||
| 300 | _a125 p. | ||
| 440 | 0 | _aAula alegre | |
| 650 | 7 |
_aActividades artísticas _2 _9135 |
|
| 650 | 4 |
_aActividades creativas y trabajos preescolares _9138 |
|
| 700 | 1 |
_aMarino Barbano, Edgar, _ecoaut. |
|
| 700 | 1 |
_aVizcaíno, María del Buen Consejo, _ecoaut. |
|
| 905 | _aLibro | ||
| 999 |
_c85491 _d85491 |
||